Tuberous begonias : origin and development /

Bibliographic Details
Main Author: Haegeman, J.
Format: Book
Language:English
Published: Vaduz [Liechtenstein] : J. Cramer, 1979.
Subjects:

MARC

Tag First Indicator Second Indicator Subfields
LEADER 00000cam a2200000 a 4500
001 in00000092599
005 20230801170315.0
007 ta
008 821101s1979 lh a b 001 0 eng
010 |a  81192254  
019 |a 5318516  |a 1086705184 
020 |a 376821219X 
020 |a 9783768212199 
029 1 |a AU@  |b 000002362718 
029 1 |a AU@  |b 000045177309 
029 1 |a DEBBG  |b BV002153377 
029 1 |a NLGGC  |b 822987104 
029 1 |a NZ1  |b 14308109 
029 1 |a NZ1  |b 2922672 
035 |a (OCoLC)ocm08953899  
035 |a (OCoLC)8953899  |z (OCoLC)5318516  |z (OCoLC)1086705184 
035 |a (OCoLC)ocm08953899  
040 |a DLC  |b eng  |c DLC  |d LVB  |d CRU  |d OCLCO  |d OCLCF  |d OCLCQ  |d DEBBG  |d OCLCQ  |d WURST  |d U3G  |d OCLCO  |d AGL  |d OCLCO 
050 1 4 |a SB413.B4  |b H32 1979 
070 0 |a SB413.B4  |b H24 
082 0 |a 635.9/3346  |2 19 
100 1 |a Haegeman, J. 
245 1 0 |a Tuberous begonias :  |b origin and development /  |c by J. Haegeman. 
260 |a Vaduz [Liechtenstein] :  |b J. Cramer,  |c 1979. 
300 |a xv, 268 pages :  |b illustrations ;  |c 29 cm 
336 |a text  |b txt  |2 rdacontent 
337 |a unmediated  |b n  |2 rdamedia 
338 |a volume  |b nc  |2 rdacarrier 
500 |a "Parts of this book comprise the English version of a doctoral thesis (originally written in Dutch) presented before the Faculty of Agricultural Sciences at the Catholic University of Leuven, Belgium"--Preface. 
504 |a Includes bibliographical references (pages 216-249) and index. 
650 0 |a Tuberous begonias. 
650 0 |a Begonias. 
650 6 |a Bégonias tubéreux. 
650 6 |a Bégonias. 
650 7 |a Begonias.  |2 fast  |0 (OCoLC)fst00829887 
650 7 |a Tuberous begonias.  |2 fast  |0 (OCoLC)fst01158578 
653 0 0 |a begoniaceae 
653 0 0 |a sierplanten 
653 0 0 |a ornamental plants 
653 1 0 |a Ornamental Plants 
653 2 0 |a Violales 
653 1 0 |a Sierplanten 
655 7 |a Classification.  |2 fast  |0 (OCoLC)fst01697073 
776 0 8 |i Online version:  |a Haegeman, J.  |t Tuberous begonias.  |d Vaduz [Liechtenstein] : J. Cramer, 1979  |w (OCoLC)685223189 
948 |h HELD BY TXA - 73 OTHER HOLDINGS 
994 |a Z0  |b TXA 
999 f f |s d9694c76-80bd-3691-9d63-196ee0e537fc  |i 5c8c2b63-db0f-3954-9ddd-69e10dd2c4ee  |t 0 
952 f f |p ric  |a Texas A&M University  |b Rellis Campus  |c Joint Library Facility  |d Remote Storage  |t 0  |e SB413.B4 H3  |h Library of Congress classification  |i unmediated -- volume  |m A14806235985 
998 f f |a SB413.B4 H3  |t 0  |l Remote Storage